LIBRARY & INFORMATION CENTRE, KCAET, TAVANUR

ONLINE PUBLIC ACCESS CATALOGUE (OPAC)

Heat transfer / (Record no. 12365)

MARC details
000 -LEADER
fixed length control field 00424cam a2200169ua 4500
020 ## - INTERNATIONAL STANDARD BOOK NUMBER
ISBN 9788172247799
041 ## - LANGUAGE CODE
Language code of text/sound track or separate title eng
082 ## - DEWEY DECIMAL CLASSIFICATION NUMBER
Classification number 621.4022
Item number SUC/HE
100 ## - MAIN ENTRY--AUTHOR NAME
Personal name Sucec, James .
245 ## - TITLE STATEMENT
Title Heat transfer /
260 ## - PUBLICATION, DISTRIBUTION, ETC. (IMPRINT)
Place of publication Mumbai :
Name of publisher Jaico Publishing House ,
Year of publication 2005.
300 ## - PHYSICAL DESCRIPTION
Number of Pages 868 ; .
942 ## - ADDED ENTRY ELEMENTS (KOHA)
Koha item type Books
Holdings
Withdrawn status Lost status Damaged status Home library Current library Date acquired Full call number Accession Number Koha item type
      KAUAET KAUAET 07/04/2012 621.4022 20951 Books
free website counter